|
|
|
|
| LEADER |
02124nam a22003977a 4500 |
| 001 |
28246 |
| 003 |
BD-DhAAL |
| 005 |
20150918020002.0 |
| 008 |
141113s2010 bg 000 1 benod |
| 010 |
|
|
|a 2011323187
|
| 020 |
|
|
|z 9847015601461
|
| 025 |
|
|
|a B-B-2011-323187; 11
|
| 035 |
|
|
|a (OCoLC)ocn607794389
|
| 035 |
|
|
|a (OCoLC)607794389
|
| 037 |
|
|
|a Library of Congress -- New Delhi Overseas Office
|
| 040 |
|
|
|a DKAGE
|c DKAGE
|d BD-DhAAL
|
| 041 |
|
|
|a ben
|
| 042 |
|
|
|a lccopycat
|a lcode
|
| 050 |
0 |
0 |
|a MLCSA 2011/00269 (P)
|a PK1730.25.A453
|
| 082 |
0 |
4 |
|a 891.4437
|2 22
|
| 100 |
1 |
|
|a জলদাস, হরিশংকর
|d ১৯৫৫-
|9 6005
|
| 245 |
1 |
0 |
|a দহনকাল /
|c হরিশংকর জলদাস।
|
| 260 |
|
|
|a ঢাকা :
|b মওলা ব্রাদার্স,
|c ২০১০.
|
| 300 |
|
|
|a ১৭৫ পৃ. ;
|c ২২ সেমি।
|
| 500 |
|
|
|a Novel.
|
| 541 |
|
|
|e 28246
|
| 546 |
|
|
|a In Bengali.
|
| 650 |
|
0 |
|a Fishers
|v Fiction.
|9 6006
|
| 651 |
|
0 |
|a Bangladesh
|x History
|y Revolution, 1971
|v Fiction.
|9 6007
|
| 942 |
|
|
|2 ddc
|c BK
|0 1
|
| 999 |
|
|
|c 33031
|d 33031
|
| 952 |
|
|
|0 0
|1 0
|2 ddc
|4 0
|6 891_443700000000000_JAL
|7 0
|9 44028
|a BRACUL
|b BRACUL
|c GEN
|d 2014-11-13
|e Karim International
|g 200.00
|l 24
|m 109
|o 891.4437 JAL
|p 3010028246
|q 2026-06-17
|r 2025-10-25
|s 2025-10-25
|t 1
|w 2014-11-13
|y BK
|
| 952 |
|
|
|0 0
|1 0
|2 ddc
|4 0
|6 891_443700000000000_JAL
|7 0
|9 44029
|a BRACUL
|b BRACUL
|c GEN
|d 2014-11-13
|e Karim International
|g 200.00
|l 18
|m 157
|o 891.4437 JAL
|p 3010028247
|r 2025-10-21
|s 2025-10-14
|t 2
|w 2014-11-13
|y BK
|
| 952 |
|
|
|0 0
|1 0
|2 ddc
|4 0
|6 891_443700000000000_JAL
|7 0
|9 44030
|a BRACUL
|b BRACUL
|c GEN
|d 2014-11-13
|e Karim International
|g 200.00
|l 16
|m 167
|o 891.4437 JAL
|p 3010028248
|r 2025-08-11
|s 2024-12-07
|t 3
|w 2014-11-13
|y BK
|
| 952 |
|
|
|0 0
|1 0
|2 ddc
|4 0
|6 891_443700000000000_JAL
|7 0
|9 44031
|a BRACUL
|b BRACUL
|c GEN
|d 2014-11-13
|e Karim International
|g 200.00
|l 13
|m 62
|o 891.4437 JAL
|p 3010028249
|r 2026-03-07
|s 2026-03-03
|t 4
|w 2014-11-13
|y BK
|
| 952 |
|
|
|0 0
|1 0
|2 ddc
|4 0
|6 891_443700000000000_JAL
|7 0
|9 44032
|a BRACUL
|b BRACUL
|c GEN
|d 2014-11-13
|e Karim International
|g 200.00
|l 13
|m 113
|o 891.4437 JAL
|p 3010028250
|r 2024-03-05
|s 2024-02-27
|t 5
|w 2014-11-13
|y BK
|